• AIU
  • Tony Wilmot Memorial Library

Language learning handbook (Record no. 64228)

MARC details
000 -LEADER
fixed length control field 00244 a2200097 4500
100 1# - MAIN ENTRY--PERSONAL NAME
Personal name SIL, Horsleys Green
245 00 - TITLE STATEMENT
Title Language learning handbook
Remainder of title
Statement of responsibility, etc SIL, Horsleys Green
260 ## - PUBLICATION, DISTRIBUTION, ETC. (IMPRINT)
Place of publication, distribution, etc SIL:
Name of publisher, distributor, etc ,
Date of publication, distribution, etc c1978.
300 ## - PHYSICAL DESCRIPTION
Extent 64p
650 #4 - SUBJECT ADDED ENTRY--TOPICAL TERM
Topical term or geographic name as entry element LANGUAGE
General subdivision LEARNING

No items available.